00624nam a2200193 a 450000100100000000500170001000800410002702000150006804000250008308200150010810000320012324500840015526000740023930000320031349000170034550000210036250400320038383000150041500004307920201002040625.0140218s2000 xxua 001 0 spa d a1555878857 aDO-SdBNPcspabBNPHU axxxbC258a1 aCarafano, James Jay,d1955-10aAfter D-Day :boperation Cobra and the Normandy breakout /cJames Jay Carafano. aBoulder, Colorado, Estados Unidos :bLynne Rienner Publishers,c2000. aix, 295 p. :bil. ;c23 cm.1 aArt of war ; aIncluye índice aBibliografía : p. 267-284 0aArt of war